000 00774nam a2200145Ia 4500
008 100204s9999 xx 000 0 und d
082 _b10142
100 _aदाभोळकर चारुदत्त अच्युत
245 _aमहाराष्ट्रातील दुष्काळ व त्यावरील उपाय योजना
260 _b"प्राज्ञपाठशाळा मंडळ , वाई"
_c1961
300 _a138
630 _aमहाराष्ट्रातील दुष्काळ व त्यावरील उपाय योजना
730 _aमहाराष्ट्रातील दुष्काळ व त्यावरील उपाय योजना
942 _cBOOK
999 _c454578
_d454575